Curso de lecciones de Historia de España ó estudio crítico-filosófico de todas las épocas y sucesos notables de nuestra historia nacional desde los más remotos tiempos hasta el presente siglo / (Record no. 161067)
[ view plain ]
| 000 -LEADER | |
|---|---|
| campo de control de longitud fija | 00880nam a22001815i 4500 |
| 001 - NÚMERO DE CONTROL | |
| campo de control | 161067 |
| 003 - IDENTIFICADOR DE NÚMERO DE CONTROL | |
| campo de control | ES-MaACL |
| 005 - FECHA Y HORA DE LA ÚLTIMA TRANSACCIÓN | |
| campo de control | 20230906212204.0 |
| 008 - DATOS DE LONGITUD FIJA--INFORMACIÓN GENERAL | |
| campo de control de longitud fija | 960604s1890 sp |||| | spa d |
| 040 ## - FUENTE DE CATALOGACIÓN | |
| Centro catalogador/agencia de origen | CLM |
| Lengua de catalogación | spa |
| Centro/agencia transcriptor | CLM |
| 100 1# - ENTRADA PRINCIPAL--NOMBRE DE PERSONA | |
| Nombre de persona | Orodea e Ibarra, Eduardo. |
| 9 (RLIN) | 130693 |
| 245 10 - MENCIÓN DEL TÍTULO | |
| Título | Curso de lecciones de Historia de España ó estudio crítico-filosófico de todas las épocas y sucesos notables de nuestra historia nacional desde los más remotos tiempos hasta el presente siglo / |
| Mención de responsabilidad, etc. | por ... Eduardo Orodea é Ibarra. |
| 250 ## - MENCION DE EDICION | |
| Mención de edición | Decimotercia edicion / corregida y amplaiamente reformada con arreglo á los conocimientos modernos por ... José María é Ibarra. |
| 260 ## - PUBLICACIÓN, DISTRIBUCIÓN, ETC. | |
| Lugar de publicación, distribución, etc. | Santander : |
| Nombre del editor, distribuidor, etc. | [s.n.], |
| Fecha de publicación, distribución, etc. | 1890 ( |
| Fabricante | Imp. Militar y del comercio de A. de Quesada) |
| 300 ## - DESCRIPCIÓN FÍSICA | |
| Extensión | 620 p. ; |
| Dimensiones | 22 cm. |
| 651 #4 - PUNTO DE ACCESO ADICIONAL DE MATERIA--NOMBRE GEOGRÁFICO | |
| Nombre geográfico | España- |
| Subdivisión general | Historia. |
| 9 (RLIN) | 8209 |
| 852 ## - LOCALIZACIÓN | |
| Ubicación | ES-MaACL |
| Número de control de estantería | G-2625 |
| Nota libre | -- Enc. cart. |
| Estatus retirado | Estado de pérdida | Estado de daño | No para préstamo | Colección | Biblioteca de origen | Biblioteca actual | Ubicación en estantería | Fecha de adquisición | Fuente de adquisición | Total de préstamos | Signatura topográfica completa | Código de barras | Visto por última vez | Precio de reemplazo | Tipo de ítem Koha |
|---|---|---|---|---|---|---|---|---|---|---|---|---|---|---|---|
| Libros del s. XIX | Biblioteca del Ateneo de Madrid | Biblioteca del Ateneo de Madrid | Depósito 2 | 17/01/2008 | G-2625 | 1168703 | 23/02/2023 | 23/02/2023 | Libro impreso antiguo |
